O penězích a trhu svobodný trh a jeho úskalí pohledem slavného wallstreetského finančníka

Saved in:
Bibliographic Details
Main Author: Kaufman, Henry
Other Authors: Placht, Jan
Format: Book
Language:Czech
Published: Praha PROSTOR 2004
Subjects:
Tags: Add Tag
No Tags, Be the first to tag this record!

MARC

LEADER 00000nam$a2200000$$$4500
001 0025266
005 20221124105643.1
020 |a 80-7260-112-1 
041 0 |a cze 
044 |a CZ 
245 1 0 |a O penězích a trhu  |b svobodný trh a jeho úskalí pohledem slavného wallstreetského finančníka  |c Henry Kaufman ; přeložil Jan Placht 
264 1 |a Praha  |b PROSTOR  |c 2004 
300 |a 343 s. 
610 2 0 |a trh peňažný 
610 2 0 |a peniaze 
610 2 0 |a bankovníctvo 
610 2 0 |a trh finančný 
610 2 0 |a deriváty 
610 2 0 |a financie 
610 2 0 |a burzy 
610 2 0 |a keynesizmus 
610 2 0 |a monetarizmus 
610 2 0 |a regulácia 
610 2 0 |a kríza finančná 
610 2 0 |a politika fiškálna 
610 2 0 |a politika peňažná 
610 2 0 |a politika finančná 
610 2 0 |a prognózy 
100 1 |a Kaufman, Henry 
700 1 |a Placht, Jan